<?xml version="1.0" encoding="UTF-8"?>
<record
    xmlns:xsi="http://www.w3.org/2001/XMLSchema-instance"
    xsi:schemaLocation="http://www.loc.gov/MARC21/slim http://www.loc.gov/standards/marcxml/schema/MARC21slim.xsd"
    xmlns="http://www.loc.gov/MARC21/slim">

  <leader>01026nam a22002057a 4500</leader>
  <datafield tag="999" ind1=" " ind2=" ">
    <subfield code="c">57267</subfield>
    <subfield code="d">57267</subfield>
  </datafield>
  <controlfield tag="003">Ge_BSU</controlfield>
  <controlfield tag="005">20200130114658.0</controlfield>
  <controlfield tag="008">200130s2005       ||||| |||| 00| 0 geo d</controlfield>
  <datafield tag="020" ind1=" " ind2=" ">
    <subfield code="a">9994035908</subfield>
  </datafield>
  <datafield tag="041" ind1=" " ind2=" ">
    <subfield code="a">geo</subfield>
  </datafield>
  <datafield tag="080" ind1=" " ind2=" ">
    <subfield code="a">622.24:550.835(075.8) &#x10EF;-14</subfield>
  </datafield>
  <datafield tag="100" ind1=" " ind2=" ">
    <subfield code="a">&#x10EF;&#x10D0;&#x10D5;&#x10D0;&#x10EE;&#x10D8;&#x10E8;&#x10D5;&#x10D8;&#x10DA;&#x10D8;, &#x10DA;.</subfield>
    <subfield code="9">6522</subfield>
  </datafield>
  <datafield tag="245" ind1=" " ind2=" ">
    <subfield code="a">&#x10E1;&#x10D0;&#x10E0;&#x10D4;&#x10EC;&#x10D0;&#x10DD; &#x10D2;&#x10D4;&#x10DD;&#x10E4;&#x10D8;&#x10D6;&#x10D8;&#x10D9;&#x10D0; :</subfield>
    <subfield code="b">&#x10DC;&#x10D0;&#x10EC;. 2 /</subfield>
    <subfield code="c"> &#x10DA;. &#x10EF;&#x10D0;&#x10D5;&#x10D0;&#x10EE;&#x10D8;&#x10E8;&#x10D5;&#x10D8;&#x10DA;&#x10D8; ; &#x10DC;. &#x10EE;&#x10E3;&#x10DC;&#x10D3;&#x10D0;&#x10EB;&#x10D4; ;  &#x10E0;&#x10D4;&#x10D3;. &#x10DA;. &#x10ED;&#x10D0;&#x10DC;&#x10E2;&#x10E3;&#x10E0;&#x10D8;&#x10E8;&#x10D5;&#x10D8;&#x10DA;&#x10D8;.</subfield>
  </datafield>
  <datafield tag="264" ind1=" " ind2=" ">
    <subfield code="a">&#x10D7;&#x10D1;&#x10D8;&#x10DA;&#x10D8;&#x10E1;&#x10D8; :</subfield>
    <subfield code="b">&#x10E2;&#x10D4;&#x10E5;&#x10DC;. &#x10E3;&#x10DC;-&#x10E2;&#x10D8;,</subfield>
    <subfield code="c">2005.</subfield>
  </datafield>
  <datafield tag="300" ind1=" " ind2=" ">
    <subfield code="a">120 &#x10D2;&#x10D5;. :</subfield>
    <subfield code="b"> &#x10DC;&#x10D0;&#x10EE;.</subfield>
    <subfield code="c">23 &#x10E1;&#x10DB;.</subfield>
  </datafield>
  <datafield tag="653" ind1=" " ind2=" ">
    <subfield code="a">&#x10E1;&#x10D0;&#x10E0;&#x10D4;&#x10EC;&#x10D0;&#x10DD; &#x10D2;&#x10D4;&#x10DD;&#x10E4;&#x10D8;&#x10D6;&#x10D8;&#x10D9;&#x10D8;&#x10E1; &#x10E1;&#x10D0;&#x10EE;&#x10D4;&#x10DA;&#x10DB;&#x10EB;&#x10E6;&#x10D5;&#x10D0;&#x10DC;&#x10D4;&#x10DA;&#x10DD;&#x10D4;&#x10D1;&#x10D8; &#x10E3;&#x10DB;&#x10D0;&#x10E6;&#x10DA;&#x10D4;&#x10E1;&#x10D8; &#x10E1;&#x10D0;&#x10E1;&#x10EC;&#x10D0;&#x10D5;&#x10DA;&#x10D4;&#x10D1;&#x10DA;&#x10D4;&#x10D1;&#x10D8;&#x10E1;&#x10D0;&#x10D7;&#x10D5;&#x10D8;&#x10E1;.</subfield>
  </datafield>
  <datafield tag="700" ind1=" " ind2=" ">
    <subfield code="a"> &#x10EE;&#x10E3;&#x10DC;&#x10D3;&#x10D0;&#x10EB;&#x10D4;, &#x10DC; </subfield>
    <subfield code="9">6523</subfield>
  </datafield>
  <datafield tag="700" ind1=" " ind2=" ">
    <subfield code="a">&#x10ED;&#x10D0;&#x10DC;&#x10E2;&#x10E3;&#x10E0;&#x10D8;&#x10E8;&#x10D5;&#x10D8;&#x10DA;&#x10D8;, &#x10DA;</subfield>
    <subfield code="e">&#x10E0;&#x10D4;&#x10D3;&#x10D0;&#x10E5;&#x10E2;&#x10DD;&#x10E0;&#x10D8;</subfield>
    <subfield code="9">6524</subfield>
  </datafield>
  <datafield tag="942" ind1=" " ind2=" ">
    <subfield code="2">udc</subfield>
    <subfield code="c">BK</subfield>
  </datafield>
  <datafield tag="952" ind1=" " ind2=" ">
    <subfield code="0">0</subfield>
    <subfield code="1">0</subfield>
    <subfield code="2">udc</subfield>
    <subfield code="4">0</subfield>
    <subfield code="6">622245508350758_&#x10EF;14</subfield>
    <subfield code="7">0</subfield>
    <subfield code="9">88663</subfield>
    <subfield code="a">CPL</subfield>
    <subfield code="b">SPL</subfield>
    <subfield code="c">GEN</subfield>
    <subfield code="d">2020-01-30</subfield>
    <subfield code="g">8.00</subfield>
    <subfield code="o">622.24:550.835(075.8) &#x10EF;-14</subfield>
    <subfield code="p">60389</subfield>
    <subfield code="r">2020-01-30</subfield>
    <subfield code="t">60389</subfield>
    <subfield code="w">2020-01-30</subfield>
    <subfield code="y">BK</subfield>
    <subfield code="z">8.00</subfield>
  </datafield>
</record>
